000 003110000a22001450004500
003 MACL
040 _aMACL
090 _c7193
_d7192
100 _aRanganathananda, Swami
245 _aThe Christ we Adore
260 _bThe Ramakrishana Mission
_c1969
350 _a.50
650 _aReligion
942 _cBOOK
_k294
999 _c7146
_d7146